[Event "1er open Fide de Domloup - A "]
[Site "Domloup"]
[Date "2013.08.31"]
[Round "4.6"]
[White "Lechartre, Victorien"]
[Black "Seite, Sullian"]
[Result "0-1"]
[WhiteElo "1701"]
[BlackElo "1551"]
[PlyCount "62"]
[EventDate "2013.??.??"]
[EventType "swiss"]
[EventRounds "5"]
[EventCountry "FRA"]
[SourceDate "2005.09.12"]

1. d4 Nf6 2. c4 c5 3. d5 b5 4. cxb5 a6 5. e3 Bb7 6. Nc3 e6 7. dxe6 fxe6 8. f3
d5 9. a4 Bd6 10. Nh3 O-O 11. bxa6 Nxa6 12. Nf4 Bxf4 13. exf4 Nc7 14. g3 Qe7 15.
Bg2 d4 16. Ne4 Ba6 17. Kf2 Nxe4+ 18. fxe4 e5 19. Qg4 exf4 20. gxf4 Rae8 21. Ra3
d3 22. h4 Qf7 23. h5 Nd5 24. f5 Nf6 25. Qh4 h6 26. Be3 Qb7 27. Bxc5 Nxe4+ 28.
Bxe4 Rxe4 29. Qh3 Qxb2+ 30. Kg3 Qe5+ 31. Kg2 Qxc5 0-1

[Event "1er open Fide de Domloup - A "]
[Site "Domloup"]
[Date "2013.08.31"]
[Round "4.7"]
[White "Rault, Patrice"]
[Black "Le Henaff, Julien"]
[Result "1-0"]
[WhiteElo "1768"]
[BlackElo "1864"]
[PlyCount "99"]
[EventDate "2013.??.??"]
[EventType "swiss"]
[EventRounds "5"]
[EventCountry "FRA"]
[SourceDate "2005.09.12"]

1. c4 c6 2. Nc3 d5 3. e3 Nf6 4. Nf3 e6 5. b3 Be7 6. Bd3 Nbd7 7. cxd5 exd5 8.
Bb2 Nc5 9. Bc2 O-O 10. O-O Bg4 11. h3 Bh5 12. Ne2 Bg6 13. Ne5 Bxc2 14. Qxc2
Ncd7 15. f4 Ne8 16. Ng3 f6 17. Nf3 Nd6 18. Nd4 Rf7 19. Ne6 Qc8 20. f5 Nf8 21.
Nxf8 Bxf8 22. Ne2 Nb5 23. Nf4 Ba3 24. Ne6 Bxb2 25. Qxb2 Nc7 26. Nc5 b6 27. Nd3
Qe8 28. Rf4 c5 29. Raf1 Qb5 30. Nf2 Re8 31. Ng4 Qd3 32. R1f3 Qb5 33. Rg3 Kf8
34. b4 Re4 35. Rxe4 dxe4 36. a3 a5 37. Nf2 Re7 38. Rg4 axb4 39. Nxe4 Qc6 40.
Ng3 bxa3 41. Qxa3 Qd6 42. d4 Qc6 43. dxc5 bxc5 44. Rc4 Re5 45. Ne2 Nb5 46. Qd3
Qb6 47. Nf4 Nd6 48. Ne6+ Kf7 49. g4 Nxc4 50. Qd7+ 1-0

[Event "1er open Fide de Domloup - B "]
[Site "Domloup"]
[Date "2013.08.31"]
[Round "4.1"]
[White "Lefevre, Pascal"]
[Black "Seite, Yamina"]
[Result "0-1"]
[WhiteElo "1650"]
[BlackElo "1600"]
[PlyCount "72"]
[EventDate "2013.??.??"]
[EventType "swiss"]
[EventRounds "5"]
[EventCountry "FRA"]
[SourceDate "2005.09.12"]

1. b4 e5 2. Bb2 Nf6 3. Bxe5 Bxb4 4. Nf3 d6 5. Bb2 O-O 6. e3 Nc6 7. Be2 Bf5 8.
O-O Re8 9. d3 Qe7 10. Nbd2 Nd5 11. e4 Nc3 12. Bxc3 Bxc3 13. Rb1 Rab8 14. Re1
Be6 15. a3 a6 16. Rf1 Ba2 17. Ra1 Bxa1 18. Qxa1 Be6 19. d4 Bg4 20. Bd3 Qf6 21.
c3 Bxf3 22. Nxf3 Ne7 23. Qb1 h6 24. e5 dxe5 25. Nxe5 Qe6 26. Bc4 Nd5 27. f4 Qd6
28. Qb3 c6 29. g3 b5 30. Bd3 Re7 31. c4 Ne3 32. Re1 bxc4 33. Qa2 cxd3 34. Rxe3
Qxd4 35. Qd2 Rb2 36. Qc1 d2 0-1

[Event "1er open Fide de Domloup - B "]
[Site "Domloup"]
[Date "2013.08.31"]
[Round "4.2"]
[White "Al Ahdab, Nasir"]
[Black "Reymond, Stephane"]
[Result "1/2-1/2"]
[WhiteElo "1499"]
[BlackElo "1499"]
[PlyCount "129"]
[EventDate "2013.??.??"]
[EventType "swiss"]
[EventRounds "5"]
[EventCountry "FRA"]
[SourceDate "2005.09.12"]

1. d4 f5 2. Nf3 g6 3. g3 Bg7 4. Bg2 Nf6 5. c4 d6 6. Nbd2 O-O 7. e3 Qe8 8. O-O
c6 9. Re1 d5 10. Ne5 e6 11. f3 Nbd7 12. b3 Nxe5 13. dxe5 Nd7 14. f4 Nb6 15. Ba3
Rf7 16. Rc1 Bf8 17. Bxf8 Qxf8 18. c5 Nd7 19. b4 Qe8 20. h4 h5 21. Nf3 Nf8 22.
Ng5 Rd7 23. Qb3 Nh7 24. Kf2 Nxg5 25. hxg5 Rh7 26. Rh1 Bd7 27. Rcd1 b6 28. Qc2
b5 29. Ra1 Rf7 30. Qb1 Rf8 31. Bf3 a5 32. a3 axb4 33. Qxb4 Ra4 34. Qc3 Rc4 35.
Qe1 Qe7 36. Be2 Rxc5 37. a4 bxa4 38. Rxa4 Rb8 39. Rb4 Rxb4 40. Qxb4 Kf7 41. Qa3
Rc2 42. Qa8 Qc5 43. Qh8 Qe7 44. Qh7+ Kf8 45. Qxg6 Be8 46. Qh6+ Kg8 47. g6 Qg7
48. Qxg7+ Kxg7 49. Rxh5 Bxg6 50. Rg5 Kh6 51. Ke1 Ra2 52. g4 c5 53. gxf5 Bxf5
54. Rh5+ Kg6 55. Rh8 Kf7 56. Rc8 c4 57. Bh5+ Ke7 58. Re8+ Kd7 59. Rb8 Ra7 60.
Kd2 Kc7 61. Rb2 Rb7 62. Rxb7+ Kxb7 63. Kc3 Kb6 64. Be8 Kc5 65. Ba4 1/2-1/2

[Event "1er open Fide de Domloup - B "]
[Site "Domloup"]
[Date "2013.08.31"]
[Round "4.3"]
[White "Catherinot, Laetitia"]
[Black "Lambert, Jerome"]
[Result "0-1"]
[WhiteElo "1299"]
[BlackElo "1260"]
[PlyCount "132"]
[EventDate "2013.??.??"]
[EventType "swiss"]
[EventRounds "5"]
[EventCountry "FRA"]
[SourceDate "2005.09.12"]

1. e4 c5 2. Nc3 g6 3. d3 Bg7 4. Nf3 e6 5. g3 Ne7 6. Bg2 O-O 7. O-O d5 8. e5
Nbc6 9. Bf4 d4 10. Ne4 b6 11. Qd2 Nf5 12. Bg5 Qc7 13. Nf6+ Kh8 14. Qf4 h6 15.
Bh4 g5 16. Bxg5 hxg5 17. Nxg5 Qxe5 18. Bxc6 Qxf4 19. gxf4 Rb8 20. Nfh7 Rg8 21.
Rae1 Nh6 22. f5 Nxf5 23. f4 f6 24. Nf7+ Kxh7 25. Be4 Bb7 26. Bxb7 Rxb7 27. Rxe6
Rxf7 28. Rf3 Re7 29. Rxe7 Nxe7 30. f5 Bh6+ 31. Kf1 Kg7 32. Rg3+ Kf7 33. Rxg8
Kxg8 34. h4 Nxf5 35. h5 Ng3+ 36. Kf2 Nxh5 37. Kf3 f5 38. b3 Nf6 39. a4 Bd2 40.
Ke2 Bh6 41. Kf3 Kf7 42. Ke2 Ke6 43. Kf3 f4 44. Ke2 Kf5 45. Kf3 Nd5 46. Ke2 Kg4
47. Kf2 Ne3 48. Ke2 Nxc2 49. Kf2 Na1 50. Ke2 f3+ 51. Kf2 Nxb3 52. Kf1 Nc1 53.
Kf2 Nxd3+ 54. Kf1 Kg3 55. Kg1 f2+ 56. Kf1 c4 57. a5 bxa5 58. Ke2 Nc1+ 59. Kf1
Kg4 60. Kxf2 a4 61. Ke1 d3 62. Kd1 a3 63. Ke1 a2 64. Kd1 a1=Q 65. Ke1 Kg3 66.
Kd1 Nb3# 0-1

[Event "1er open Fide de Domloup - B "]
[Site "Domloup"]
[Date "2013.08.31"]
[Round "4.4"]
[White "Ruhlmann, Anne"]
[Black "Joyeux, Gerard"]
[Result "0-1"]
[WhiteElo "1460"]
[BlackElo "1610"]
[PlyCount "54"]
[EventDate "2013.??.??"]
[EventType "swiss"]
[EventRounds "5"]
[EventCountry "FRA"]
[SourceDate "2005.09.12"]

1. d4 d5 2. Nf3 c5 3. c4 dxc4 4. Qa4+ Nc6 5. Qxc4 cxd4 6. e4 e5 7. Bg5 Be7 8.
Bxe7 Ngxe7 9. Be2 O-O 10. O-O Ng6 11. Nbd2 Be6 12. Qc1 Rc8 13. Bc4 Na5 14. b3
b5 15. Qa3 bxc4 16. bxc4 Nxc4 17. Qxa7 Nxd2 18. Nxd2 Nh4 19. f4 Ra8 20. Qc5
exf4 21. Rxf4 d3 22. e5 Nxg2 23. Rf2 Nh4 24. Qe3 Nf5 25. Qf3 Ne7 26. Qg3 Ng6
27. Ne4 Qd4 0-1

[Event "1er open Fide de Domloup - B "]
[Site "Domloup"]
[Date "2013.08.31"]
[Round "4.5"]
[White "Luis, Theo"]
[Black "Aubry, Youri"]
[Result "0-1"]
[WhiteElo "1332"]
[BlackElo "1399"]
[PlyCount "120"]
[EventDate "2013.??.??"]
[EventType "swiss"]
[EventRounds "5"]
[EventCountry "FRA"]
[SourceDate "2005.09.12"]

1. e4 c5 2. d4 cxd4 3. c3 dxc3 4. Nxc3 Nc6 5. Nf3 e6 6. Bc4 Nge7 7. O-O Ng6 8.
Qe2 Be7 9. Rd1 a6 10. e5 O-O 11. Bd3 Nh4 12. Nxh4 Bxh4 13. Re1 f5 14. exf6 Bxf6
15. Ne4 Bd4 16. Rf1 Bf6 17. Qh5 g6 18. Qg4 Ne5 19. Qh3 Nxd3 20. Qxd3 d5 21.
Nxf6+ Qxf6 22. Bh6 Rf7 23. Qb3 Rb8 24. Qb6 e5 25. Qa7 Qd6 26. Qe3 Bd7 27. Qc3
Rc8 28. Qd3 Bb5 29. Qd2 Bxf1 30. Rxf1 Qe6 31. h3 d4 32. b3 Rfc7 33. Re1 Rc2 34.
Qxd4 exd4 35. Rxe6 Rc1+ 36. Bxc1 Rxc1+ 37. Kh2 Kf7 38. Rd6 Ke7 39. Rxd4 Rc2 40.
Rc4 Rxc4 41. bxc4 Kd6 42. Kg3 Kc5 43. Kf3 Kxc4 44. Ke3 b5 45. Kd2 b4 46. Kc2 a5
47. g4 g5 48. f3 a4 49. Kb2 Kd3 50. Kc1 b3 51. axb3 axb3 52. Kb2 Ke3 53. Kxb3
Kxf3 54. Kc2 Kg3 55. Kd1 Kxh3 56. Ke2 Kxg4 57. Kf2 Kh3 58. Kg1 g4 59. Kh1 g3
60. Kg1 g2 0-1

[Event "1er open Fide de Domloup - A "]
[Site "Domloup"]
[Date "2013.09.01"]
[Round "5.1"]
[White "Aubry, Yannis"]
[Black "Francois, Adrien"]
[Result "1-0"]
[WhiteElo "2170"]
[BlackElo "1643"]
[PlyCount "117"]
[EventDate "2013.??.??"]
[EventType "swiss"]
[EventRounds "5"]
[EventCountry "FRA"]
[SourceDate "2005.09.12"]

1. c4 e5 2. Nc3 Nf6 3. Nf3 Nc6 4. e4 Bc5 5. Nxe5 Nxe5 6. d4 Bb4 7. dxe5 Nxe4 8.
Qf3 d5 9. Bd3 Nxc3 10. a3 Bc5 11. bxc3 Be6 12. O-O dxc4 13. Be4 Rb8 14. Bc6+
bxc6 15. Qxc6+ Qd7 16. Qxc5 Qb5 17. Qxc7 O-O 18. a4 Qb3 19. Ba3 Rfd8 20. Bb4 a6
21. h3 Qc2 22. Rad1 Qxd1 23. Rxd1 Rxd1+ 24. Kh2 Rc8 25. Qa7 Rd2 26. Kg3 Rcd8
27. a5 h5 28. Bc5 R8d3+ 29. Kh2 Re2 30. Bd4 h4 31. Qb6 Kh7 32. Qd8 Re4 33. f3
Re2 34. Qxh4+ Kg8 35. Qd8+ Kh7 36. Kg3 Rdd2 37. Kf4 Rxg2 38. h4 Rh2 39. Qe7 {
(=)} Rde2 40. Be3 Reg2 41. Ke4 Rg3 42. Bf4 Re2+ 43. Be3 Rh2 44. Bf4 Re2+ 45.
Be3 Rg1 46. Kf4 Rge1 47. Bd4 Re4+ 48. fxe4 Rf1+ 49. Kg3 Ra1 50. Qc7 Re1 51. Kf3
Rf1+ 52. Kg2 Rf4 53. Qc6 Rxh4 54. Qxa6 Rxe4 55. Qc6 Re2+ 56. Kg3 g5 57. a6 Rd2
58. a7 Rd3+ 59. Kf2 1-0

[Event "1er open Fide de Domloup - A "]
[Site "Domloup"]
[Date "2013.09.01"]
[Round "5.3"]
[White "Andre, Philippe"]
[Black "Geffroy, Leo"]
[Result "0-1"]
[WhiteElo "1792"]
[BlackElo "1971"]
[PlyCount "68"]
[EventDate "2013.??.??"]
[EventType "swiss"]
[EventRounds "5"]
[EventCountry "FRA"]
[SourceDate "2005.09.12"]

1. e4 c5 2. Nc3 Nc6 3. Bb5 Nd4 4. f4 Nxb5 5. Nxb5 e6 6. Nf3 a6 7. Nc3 d5 8. e5
Ne7 9. O-O Nc6 10. d3 Be7 11. Qe2 O-O 12. Bd2 Qc7 13. Rae1 f6 14. f5 fxe5 15.
Nxe5 Nd4 16. Qh5 Nxf5 17. g4 g6 18. Nxg6 hxg6 19. Qxg6+ Ng7 20. Rxf8+ Bxf8 21.
Rf1 Qe7 22. Bg5 Qe8 23. Qf6 b5 24. Bh6 Ra7 25. Qe5 Rf7 26. Re1 Bd7 27. Ne2 Qe7
28. Ng3 Qf6 29. Bxg7 Qf2+ 30. Kh1 Bxg7 31. Qe3 Qxe3 32. Rxe3 Rf2 33. Re2 Rxe2
34. Nxe2 Bxb2 0-1

[Event "1er open Fide de Domloup - A "]
[Site "Domloup"]
[Date "2013.09.01"]
[Round "5.4"]
[White "Seite, Sullian"]
[Black "Durand-Le Ludec, Brendan-Budok"]
[Result "0-1"]
[WhiteElo "1551"]
[BlackElo "1875"]
[PlyCount "40"]
[EventDate "2013.??.??"]
[EventType "swiss"]
[EventRounds "5"]
[EventCountry "FRA"]
[SourceDate "2005.09.12"]

1. c4 e5 2. Nc3 Nc6 3. g3 g6 4. Bg2 Bg7 5. Nf3 d6 6. O-O f5 7. e3 e4 8. Ne1 Nf6
9. d4 exd3 10. Nxd3 O-O 11. Nf4 Ne5 12. b3 Ne4 13. Bxe4 fxe4 14. Bb2 Nf3+ 15.
Kg2 Rxf4 16. exf4 Qd7 17. Nxe4 Qh3+ 18. Kxf3 Bg4+ 19. Ke3 Bxd1 20. Bxg7 Qxf1
0-1

[Event "1er open Fide de Domloup - A "]
[Site "Domloup"]
[Date "2013.09.01"]
[Round "5.5"]
[White "Ruhlmann, Helene"]
[Black "Marie, Xavier"]
[Result "1-0"]
[WhiteElo "1823"]
[BlackElo "1826"]
[PlyCount "61"]
[EventDate "2013.??.??"]
[EventType "swiss"]
[EventRounds "5"]
[EventCountry "FRA"]
[SourceDate "2005.09.12"]

1. d4 Nf6 2. Nf3 c5 3. c4 cxd4 4. Nxd4 e6 5. Nc3 Bb4 6. Qc2 Nc6 7. Nf3 d5 8.
cxd5 Nxd5 9. Bd2 O-O 10. Ng5 Nf6 11. a3 Be7 12. g3 h6 13. Nf3 e5 14. Bg2 Be6
15. O-O Rc8 16. Qa4 Qb6 17. b4 a6 18. Rac1 Rfd8 19. h3 Bc4 20. Be3 Qc7 21. Nd2
b5 22. Qxa6 Nd4 23. Bxd4 Rxd4 24. Nde4 Nxe4 25. Bxe4 Rd6 26. Qb7 Qd8 27. Rfd1
Rc7 28. Rxd6 Bxd6 29. Qb6 Qd7 30. Rd1 Bc5 31. Rxd7 1-0

[Event "1er open Fide de Domloup - A "]
[Site "Domloup"]
[Date "2013.09.01"]
[Round "5.6"]
[White "Lechartre, Victorien"]
[Black "Rault, Patrice"]
[Result "1/2-1/2"]
[WhiteElo "1701"]
[BlackElo "1768"]
[PlyCount "81"]
[EventDate "2013.??.??"]
[EventType "swiss"]
[EventRounds "5"]
[EventCountry "FRA"]
[SourceDate "2005.09.12"]

1. d4 g6 2. c4 Bg7 3. Nc3 d6 4. e4 Nc6 5. Nf3 Bg4 6. Be3 Bxf3 7. gxf3 e5 8. d5
Nce7 9. c5 f5 10. cxd6 cxd6 11. Qa4+ Kf7 12. Rc1 a6 13. Qb4 b5 14. a4 f4 15.
Bd2 bxa4 16. Qxa4 Nf6 17. Bxa6 Qb6 18. Ra1 Rhb8 19. O-O Qxb2 20. Ra2 Qb3 21.
Qa5 Qb6 22. Rfa1 Nd7 23. Nb5 Nc5 24. Qxb6 Rxb6 25. Nc7 Ra7 26. Ba5 Rbxa6 27.
Nxa6 Rxa6 28. Bc7 Rxa2 29. Rxa2 Nd7 30. Bxd6 Nc8 31. Bb4 Bf8 32. Bc3 Bc5 33.
Kf1 g5 34. Ke2 Nd6 35. Bb2 h6 36. Ba3 Nb5 37. Bb2 Bd4 38. Ba1 Bxa1 39. Rxa1
Nd4+ 40. Kd3 Nxf3 41. h3 1/2-1/2

[Event "1er open Fide de Domloup - B "]
[Site "Domloup"]
[Date "2013.08.31"]
[Round "5.1"]
[White "Lambert, Jerome"]
[Black "Seite, Yamina"]
[Result "0-1"]
[WhiteElo "1260"]
[BlackElo "1600"]
[PlyCount "88"]
[EventDate "2013.??.??"]
[EventType "swiss"]
[EventRounds "5"]
[EventCountry "FRA"]
[SourceDate "2005.09.12"]

1. e4 e6 2. d4 d5 3. e5 c5 4. Nf3 Nc6 5. c3 Bd7 6. Be3 Qb6 7. b3 Nge7 8. Be2
Nf5 9. O-O Nxe3 10. fxe3 Be7 11. Na3 cxd4 12. exd4 Bxa3 13. b4 Bb2 14. Rb1 Bxc3
15. b5 Nxd4 16. Kh1 Nxf3 17. Rxf3 Bxe5 18. Qf1 Bf6 19. a4 e5 20. Qe1 e4 21. Rg3
Qd4 22. Qf1 Rc8 23. Rd1 Qe5 24. a5 Qf5 25. Qg1 Qe5 26. Qxa7 Qb8 27. Qf2 Rc2 28.
Qf1 Qe5 29. a6 bxa6 30. bxa6 O-O {(=)} 31. Ra3 d4 32. Rda1 d3 33. Bd1 Rcc8 34.
a7 Qd5 35. Bb3 Qb7 36. Qe1 Bxa1 37. Qxa1 d2 38. Bd1 Rc1 39. a8=Q Rxa1 40. Qxf8+
Kxf8 41. Rxa1 Qb2 42. Ra8+ Ke7 43. Ra5 Qf6 44. Kg1 Qb6+ 0-1

[Event "1er open Fide de Domloup - B "]
[Site "Domloup"]
[Date "2013.08.31"]
[Round "5.2"]
[White "Joyeux, Gerard"]
[Black "Al Ahdab, Nasir"]
[Result "1-0"]
[WhiteElo "1610"]
[BlackElo "1499"]
[PlyCount "59"]
[EventDate "2013.??.??"]
[EventType "swiss"]
[EventRounds "5"]
[EventCountry "FRA"]
[SourceDate "2005.09.12"]

1. d4 d5 2. e4 e6 3. e5 c5 4. c3 Nc6 5. Nf3 cxd4 6. cxd4 Qa5+ 7. Nc3 Qb6 8. Bd3
a6 9. O-O Bd7 10. Be2 Qd8 11. a3 b5 12. b4 Nce7 13. Bd3 h6 14. Nd2 Nf5 15. Bxf5
exf5 16. Nb3 Be6 17. Ne2 f6 18. Nf4 Kf7 19. Qh5+ Ke7 20. Ng6+ Kd7 21. Nxh8 fxe5
22. Ng6 Nf6 23. Nxf8+ Qxf8 24. Nc5+ Qxc5 25. Qg6 Qxd4 26. Qxg7+ Kd6 27. Be3 Qh4
28. Rac1 d4 29. Qc7+ Kd5 30. Qc6# 1-0

[Event "1er open Fide de Domloup - B "]
[Site "Domloup"]
[Date "2013.08.31"]
[Round "5.3"]
[White "Reymond, Stephane"]
[Black "Lefevre, Pascal"]
[Result "1-0"]
[WhiteElo "1499"]
[BlackElo "1650"]
[PlyCount "79"]
[EventDate "2013.??.??"]
[EventType "swiss"]
[EventRounds "5"]
[EventCountry "FRA"]
[SourceDate "2005.09.12"]

1. e4 e6 2. d4 d5 3. Nd2 c5 4. c3 Nc6 5. Ngf3 Qb6 6. exd5 exd5 7. Qb3 Qxb3 8.
Nxb3 c4 9. Nbd2 Bd6 10. g3 Nf6 11. Bg2 Ne4 12. Nxe4 dxe4 13. Nd2 f5 14. Nxc4
Bc7 15. Be3 Be6 16. Nd2 O-O-O 17. O-O-O Ne7 18. Kb1 Rd6 19. Bf1 Nd5 20. c4 Nf6
21. Nb3 h6 22. d5 Bd7 23. Bf4 Rb6 24. Bxc7 Kxc7 25. c5 Rb4 26. d6+ Kc6 27. Rc1
Ra4 28. Be2 Be6 29. Rhd1 Bxb3 30. axb3 Rb4 31. Ka2 Nd7 32. f3 e3 33. Rd3 Re8
34. f4 Nxc5 35. d7 Rd8 36. Bf3+ Kb6 37. Rd6+ Kb5 38. Be2+ Rc4 39. Rxc4 b6 40.
b4 1-0

[Event "1er open Fide de Domloup - B "]
[Site "Domloup"]
[Date "2013.08.31"]
[Round "5.4"]
[White "Aubry, Youri"]
[Black "Ruhlmann, Anne"]
[Result "1-0"]
[WhiteElo "1399"]
[BlackElo "1460"]
[PlyCount "119"]
[EventDate "2013.??.??"]
[EventType "swiss"]
[EventRounds "5"]
[EventCountry "FRA"]
[SourceDate "2005.09.12"]

1. e4 c5 2. Nf3 a6 3. c3 e6 4. d4 d5 5. exd5 exd5 6. dxc5 Bxc5 7. Be2 Nf6 8.
O-O O-O 9. Bg5 Be6 10. Nd4 Nbd7 11. Nb3 Ba7 12. N1d2 Re8 13. Nf3 Bg4 14. Nbd4
Ne5 15. Nxe5 Rxe5 16. Bxf6 Bxe2 17. Bxd8 Bxd1 18. Bf6 gxf6 19. Raxd1 Bxd4 20.
Rxd4 Re2 21. Rb1 Re5 22. g3 Rd8 23. Kf1 Re4 24. Rbd1 Rde8 25. R1d2 Re1+ 26. Kg2
R1e2 27. Rxd5 Rxd2 28. Rxd2 Kf8 29. Rd7 Re7 30. Rxe7 Kxe7 31. Kf3 f5 32. Kf4
Kf6 33. a4 h6 34. c4 Ke6 35. b4 Kf6 36. f3 Ke6 37. h3 Kf6 38. g4 fxg4 39. hxg4
Ke6 40. Ke4 f6 41. f4 f5+ 42. Kf3 fxg4+ 43. Kxg4 Kf6 44. a5 h5+ 45. Kxh5 Kf5
46. b5 Kxf4 47. Kg6 Ke5 48. Kf7 Kd6 49. Ke8 Kc5 50. bxa6 bxa6 51. Kd7 Kb4 (
51... Kxc4 52. Kc6 Kd4 53. Kb6 Kd5 54. Kxa6 Kc6) 52. Kd6 Kxa5 53. c5 Kb4 54. c6
a5 55. c7 a4 56. c8=Q a3 57. Qc5+ Kb3 58. Qb5+ Kc2 59. Qa4+ Kb2 60. Qb4+ 1-0

[Event "1er open Fide de Domloup - B "]
[Site "Domloup"]
[Date "2013.09.01"]
[Round "5.5"]
[White "Luis, Theo"]
[Black "Descormier, Natello"]
[Result "1-0"]
[WhiteElo "1332"]
[BlackElo "1340"]
[PlyCount "53"]
[EventDate "2013.??.??"]
[EventType "swiss"]
[EventRounds "5"]
[EventCountry "FRA"]
[SourceDate "2005.09.12"]

1. e4 e6 2. d4 d5 3. e5 c5 4. c3 Qb6 5. Nf3 Nc6 6. Bd3 cxd4 7. cxd4 Bd7 8. O-O
Nxd4 9. Nxd4 Qxd4 10. Nc3 Qxe5 11. Re1 Qb8 12. Nxd5 Bd6 13. Be3 exd5 14. Bxa7+
Kf8 15. Bxb8 Bxb8 16. Qb3 Bc6 17. Qb4+ Bd6 18. Qxd6+ Ne7 19. Qxe7+ Kg8 20. Rac1
g6 21. Qf6 Re8 22. Rxe8+ Bxe8 23. Rc8 Kf8 24. Qxh8+ Ke7 25. Rxe8+ Kd6 26. Qe5+
Kd7 27. Bb5# 1-0

[Event "Memorial Philidora"]
[Site "RUS"]
[Date "2013.08.23"]
[Round "7"]
[White "Rozanov, Pavel B"]
[Black "Reprintsev, Alexander"]
[Result "1/2-1/2"]
[WhiteElo "2304"]
[BlackElo "2338"]
[PlyCount "33"]
[EventDate "2013.??.??"]
[EventCountry "RUS"]
[SourceDate "2005.09.12"]

1. d4 d5 2. c4 dxc4 3. e3 Nf6 4. Bxc4 e6 5. Nf3 c5 6. O-O a6 7. dxc5 Bxc5 8.
Qxd8+ Kxd8 9. a3 Nbd7 10. b4 Bd6 11. Bb2 Ke7 12. Nbd2 b5 13. Bb3 Bb7 14. Rac1
Rac8 15. Rxc8 Rxc8 16. Rc1 Rxc1+ 17. Bxc1 1/2-1/2

[Event "Memorial Philidora"]
[Site "RUS"]
[Date "2013.08.24"]
[Round "8"]
[White "Reprintsev, Alexander"]
[Black "Arustamian, Artur"]
[Result "1/2-1/2"]
[WhiteElo "2338"]
[BlackElo "2386"]
[PlyCount "24"]
[EventDate "2013.??.??"]
[EventCountry "RUS"]
[SourceDate "2005.09.12"]

1. e4 c5 2. Nf3 Nc6 3. d4 cxd4 4. Nxd4 e5 5. Nb5 d6 6. N1c3 a6 7. Na3 b5 8. Nd5
Nf6 9. Bg5 Be7 10. Bxf6 Bxf6 11. c3 Bg5 12. Nc2 Rb8 1/2-1/2

[Event "Memorial Philidora"]
[Site "RUS"]
[Date "2013.08.24"]
[Round "8"]
[White "Kostin, Konstantin"]
[Black "Prosviriakov, Vladimir"]
[Result "1/2-1/2"]
[WhiteElo "2301"]
[BlackElo "2307"]
[PlyCount "38"]
[EventDate "2013.??.??"]
[EventCountry "RUS"]
[SourceDate "2005.09.12"]

1. e4 e6 2. d4 d5 3. Nc3 Bb4 4. e5 c5 5. a3 Bxc3+ 6. bxc3 Ne7 7. Qg4 Qc7 8.
Qxg7 Rg8 9. Qxh7 cxd4 10. Ne2 Nbc6 11. f4 Bd7 12. Qd3 dxc3 13. Qxc3 Nf5 14. Rb1
O-O-O 15. Rg1 d4 16. Qd3 Na5 17. Rb4 Nc6 18. Rb1 Na5 19. Rb4 Nc6 1/2-1/2

[Event "Memorial Philidora"]
[Site "RUS"]
[Date "2013.08.13"]
[Round "1"]
[White "Kostin, Konstantin"]
[Black "Pasalic, Harun"]
[Result "1/2-1/2"]
[WhiteElo "2301"]
[BlackElo "2212"]
[PlyCount "101"]
[EventDate "2013.??.??"]
[EventCountry "RUS"]
[SourceDate "2005.09.12"]

1. c4 Nf6 2. Nf3 g6 3. Nc3 Bg7 4. e4 O-O 5. d4 d6 6. Be2 e5 7. d5 a5 8. Bg5 h6
9. Bh4 Na6 10. Nd2 Qe8 11. O-O Nh7 12. a3 Bd7 13. b3 h5 14. f3 Bh6 15. Rb1 Be3+
16. Bf2 Bxf2+ 17. Rxf2 h4 18. b4 axb4 19. axb4 Qe7 20. Nf1 Nf6 21. Bd3 Nh5 22.
Ra2 c5 23. dxc6 bxc6 24. Rba1 Nc7 25. Rxa8 Rxa8 26. Rxa8+ Nxa8 27. b5 Qd8 28.
Ne3 Qb6 29. Kf2 Nf4 30. Bf1 cxb5 31. cxb5 Nc7 32. g3 hxg3+ 33. hxg3 Nfe6 34.
Qd2 Bxb5 35. Bxb5 Nxb5 36. Ncd5 Qd4 37. Qc1 Qc5 38. Qh1 Nbc7 39. Nf6+ Kg7 40.
Nfg4 Ne8 41. Kg2 N6c7 42. Qh6+ Kg8 43. Qg5 Qc1 44. Qe7 Qd2+ 45. Kh3 Kg7 46. Qg5
Kf8 47. Qh6+ Kg8 48. Qh4 Qc1 49. Nh6+ Kf8 50. Nhg4 Qh1+ 51. Nh2 1/2-1/2

[Event "Memorial Philidora"]
[Site "RUS"]
[Date "2013.08.13"]
[Round "1"]
[White "Reprintsev, Alexander"]
[Black "Morozov, Grigoriy"]
[Result "0-1"]
[WhiteElo "2338"]
[BlackElo "2341"]
[PlyCount "84"]
[EventDate "2013.??.??"]
[EventCountry "RUS"]
[SourceDate "2005.09.12"]

1. e4 e6 2. Qe2 c5 3. b3 Nc6 4. Bb2 Nge7 5. Nf3 d5 6. g3 d4 7. Na3 e5 8. Nc4
Ng6 9. h4 h5 10. a4 Bg4 11. Bh3 Nb4 12. Bxg4 Nxc2+ 13. Kd1 d3 14. Qf1 hxg4 15.
Nfxe5 Nxe5 16. Nxe5 Nxa1 17. Bxa1 f6 18. Nxd3 c4 19. bxc4 Qa5 20. Nb2 Rd8 21.
Qe2 Qc3 22. Qe3 Bb4 23. Qxc3 Bxc3 24. Kc2 Bxd2 25. Nd3 Ba5 26. Rb1 Rd7 27. Rb5
b6 28. e5 O-O 29. exf6 gxf6 30. Bc3 Bxc3 31. Kxc3 Rfd8 32. Nf4 Rd2 33. a5 bxa5
34. Rxa5 Rxf2 35. Rxa7 Rf3+ 36. Kb4 Rb8+ 37. Kc5 Rxg3 38. Nh5 Rf3 39. Kd6 Rd8+
40. Ke6 Re8+ 41. Kd6 Rd3+ 42. Kc6 Re6+ 0-1

[Event "Memorial Philidora"]
[Site "RUS"]
[Date "2013.08.13"]
[Round "1"]
[White "Kutuzov, Denis"]
[Black "Prosviriakov, Vladimir"]
[Result "1-0"]
[WhiteElo "2343"]
[BlackElo "2307"]
[PlyCount "91"]
[EventDate "2013.??.??"]
[EventCountry "RUS"]
[SourceDate "2005.09.12"]

1. e4 Nc6 2. Nc3 e6 3. d4 d5 4. Nf3 Nf6 5. Bg5 Be7 6. e5 Ne4 7. Bxe7 Qxe7 8.
Bd3 Nxc3 9. bxc3 Bd7 10. O-O Na5 11. Nd2 Qa3 12. Nb3 Nc4 13. Qg4 O-O-O 14. Qxg7
b6 15. Qxf7 a5 16. Bxc4 dxc4 17. Qf3 Kb8 18. Nc5 Bc8 19. Rfb1 Rd5 20. Qf6 Re8
21. Qf7 Rdd8 22. Qf3 Rd5 23. Ne4 Bb7 24. Qf7 Rf8 25. Qxe6 Rdd8 26. Nc5 Bd5 27.
Nd7+ Rxd7 28. Qxd7 Be4 29. d5 Qc5 30. Rf1 Bxd5 31. Rad1 Bc6 32. Qd4 Qe7 33. f4
Rg8 34. Rf2 Kb7 35. f5 h5 36. f6 Qf7 37. Qf4 Rg4 38. Qf5 Be4 39. Qd7 Qg6 40.
Rdd2 Bc6 41. Qxg4 Qxg4 42. f7 Qe4 43. Rde2 Qd5 44. Re1 h4 45. f8=Q h3 46. Qf3
1-0

[Event "Memorial Philidora"]
[Site "RUS"]
[Date "2013.08.13"]
[Round "1"]
[White "Afanasiev, Nikita"]
[Black "Arustamian, Artur"]
[Result "0-1"]
[WhiteElo "2282"]
[BlackElo "2386"]
[PlyCount "84"]
[EventDate "2013.??.??"]
[EventCountry "RUS"]
[SourceDate "2005.09.12"]

1. Nf3 d5 2. g3 Nf6 3. Bg2 c6 4. d3 Bf5 5. h3 h6 6. O-O Nbd7 7. Nbd2 e6 8. e3
Bh7 9. Qe2 Bc5 10. e4 dxe4 11. dxe4 e5 12. a4 a5 13. Ne1 O-O 14. Nd3 Bd4 15.
Nc4 b5 16. Nd6 Qc7 17. Nf5 Bb6 18. Kh2 Rfe8 19. Qf3 Re6 20. Re1 Nc5 21. Nxc5
Bxc5 22. Bf1 Qb6 23. Kg2 Bxf5 24. exf5 e4 25. Qb3 Re5 26. axb5 Rxf5 27. Be3
cxb5 28. Bc4 Rf8 29. g4 Bxe3 30. gxf5 Bxf2 31. Qxb5 Qxb5 32. Bxb5 Bxe1 33. Rxe1
Rd8 34. Re2 Rd5 35. c4 Rxf5 36. b3 Rf3 37. Ba4 Kf8 38. c5 Rc3 39. c6 Ke7 40.
Rd2 g5 41. Bb5 Rc5 42. Ba4 Nd5 0-1

[Event "Memorial Philidora"]
[Site "RUS"]
[Date "2013.08.13"]
[Round "1"]
[White "Slavinsky, Petr"]
[Black "Rozanov, Pavel B"]
[Result "1/2-1/2"]
[WhiteElo "2102"]
[BlackElo "2304"]
[PlyCount "73"]
[EventDate "2013.??.??"]
[EventCountry "RUS"]
[SourceDate "2005.09.12"]

1. e4 c6 2. Nc3 d5 3. Nf3 a6 4. d4 Bg4 5. h3 Bh5 6. exd5 cxd5 7. g4 Bg6 8. Ne5
e6 9. h4 f6 10. Nxg6 hxg6 11. Qd3 f5 12. gxf5 gxf5 13. Qg3 Qd7 14. Bf4 Nc6 15.
O-O-O b5 16. Bg2 Nf6 17. Rhe1 Kf7 18. Bf3 Nh5 19. Bxh5+ Rxh5 20. Rg1 Kg8 21.
Rg2 Qf7 22. Bd6 Rd8 23. Bxf8 Rxf8 24. Rdg1 Rh7 25. Qf4 Kh8 26. Ne2 Rc8 27. Qd6
Qe7 28. Qxe7 Nxe7 29. h5 Rf8 30. Nf4 Rf6 31. Re1 Rhh6 32. f3 Kg8 33. Reg1 Rh7
34. Re2 Rhh6 35. Reg2 Rh7 36. Re2 Rhh6 37. Reg2 1/2-1/2